000 00621nam a2200181Ia 4500
008 100921s9999 xx 000 0 und d
082 _b33507
_a891.463 न 01
100 _aहरकारे अरूण.
245 _aकामवाली.
260 _bपार्टनर प्रकाशन, मुंबई.
_c2001
300 _a166
_bशांती पब्लिकेशन,पुणे
365 _b125
520 _aललित-कादंबरी.
630 _aकामवाली.
650 _aललित-कादंबरी.
730 _aकामवाली.
942 _cBOOK
999 _c782620
_d782617